[Event "USA-ch High School K12"]
[Site "Schaumburg"]
[Date "2019.03.15"]
[Round "1"]
[White "Balakrishnan, Praveen"]
[Black "Premkumar, Hiren"]
[Result "1-0"]
[WhiteElo "2428"]
[BlackElo "1815"]
[PlyCount "155"]
[EventDate "2019.03.15"]
[EventType "swiss"]
[EventRounds "7"]
[EventCountry "USA"]
[SourceTitle "CBM 189 Extra"]
[Source "ChessBase"]
[SourceDate "2019.05.31"]
[SourceVersion "1"]
[SourceVersionDate "2019.05.31"]
[SourceQuality "1"]

1. e4 d6 2. d4 Nf6 3. Nc3 e5 4. Nf3 exd4 5. Nxd4 Be7 6. Bf4 0-0 7. Qd2 d5 8. exd5 Nxd5 9. Nxd5 Qxd5 10. Nb5 Qe4+ 11. Qe3 Qb4+ 12. c3 Qxb2 13. Rd1 Bf6 14. Bd3 Na6 15. 0-0 Qxa2 16. Qe4 g6 17. Bc4 Qa5 18. Be3 c6 19. Nd6 Qe5 20. Qf3 Qe7 21. Bxa6 bxa6 22. Bc5 Qe5 23. Bb4 Be6 24. Ne4 Bg7 25. Bxf8 Rxf8 26. Rfe1 Bd5 27. c4 Bxc4 28. Nd2 Qd5 29. Nxc4 Qxc4 30. Rc1 Qd5 31. Qe4 Rd8 32. g3 c5 33. Qxd5 Rxd5 34. Re8+ Bf8 35. Ra8 Kg7 36. Rxa7 Bd6 37. Rxa6 Be5 38. Kg2 Bd4 39. f4 Rd7 40. Re1 Rb7 41. Re2 h5 42. Rea2 Rb1 43. Ra7 Rg1+ 44. Kf3 Rf1+ 45. Ke4 Re1+ 46. Kd5 Re8 47. Rd7 Rf8 48. Raa7 Bg1 49. Ra2 Bd4 50. Re2 Rh8 51. h3 Ra8 52. Ree7 Rf8 53. Rb7 Rd8+ 54. Ke4 Rf8 55. g4 hxg4 56. hxg4 Bf6 57. Red7 Bc3 58. f5 Bf6 59. Kf4 Bc3 60. Ra7 Bb2 61. Ra6 Bd4 62. Rxg6+ Kh8 63. Rc6 Kg8 64. g5 Re8 65. g6 fxg6 66. Rxg6+ Kf8 67. Rc6 Be3+ 68. Kg4 Bd4 69. Kg5 Re1 70. Rc8+ Re8 71. Rcc7 Re1 72. Rd8+ Re8 73. Rxe8+ Kxe8 74. f6 Kd8 75. f7 Bg7 76. Rxc5 Ke7 77. Kg6 Bf8 78. Rc8 1-0

[Event "Dallas Fall op"]
[Site "Dallas"]
[Date "2017.11.21"]
[Round "8"]
[White "Kambrath, Yannick"]
[Black "Premkumar, Hiren"]
[Result "1-0"]
[WhiteElo "2332"]
[BlackElo "2048"]
[PlyCount "105"]
[EventDate "2017.11.17"]
[EventType "swiss"]
[EventRounds "9"]
[EventCountry "USA"]
[SourceTitle "CBM 181 Extra"]
[Source "ChessBase"]
[SourceDate "2017.12.12"]
[SourceVersion "1"]
[SourceVersionDate "2017.12.12"]
[SourceQuality "1"]

1. d4 d5 2. c4 e6 3. Nc3 c6 4. e3 Bd6 5. Bd3 f5 6. Nge2 Nf6 7. f3 0-0 8. 0-0 Qe7 9. Qc2 Kh8 10. a3 dxc4 11. Bxc4 Nbd7 12. Bd3 Nb6 13. Bd2 Bd7 14. b4 g6 15. Rae1 Rae8 16. Ng3 e5 17. dxe5 Bxe5 18. f4 Bc7 19. e4 fxe4 20. Ncxe4 Nbd5 21. Bc1 Bb6+ 22. Kh1 Qg7 23. Bb2 Bd8 24. f5 g5 25. Qc1 h6 26. Qa1 Kh7 27. Bc4 Qf7 28. Nd6 Rxe1 29. Rxe1 Qg8 30. Nxb7 Re8 31. Nxd8 Rxe1+ 32. Qxe1 Qxd8 33. Qe5 Qe8 34. Qxe8 Nxe8 35. Be5 Ne3 36. Bd3 Ng4 37. Bd4 Ngf6 38. Bxa7 Nc7 39. Bd4 Nfd5 40. Kg1 Nb5 41. Bb2 Kg8 42. Kf2 Kf7 43. Ne4 Nbc7 44. g4 Nb6 45. Bd4 Ncd5 46. Nc3 Bc8 47. Nxd5 Nxd5 48. Kf3 Bb7 49. Bc5 Kf6 50. Bd4+ Kf7 51. Bc4 Kf8 52. Ke4 Nxb4 53. Bc5+ 1-0

[Event "Dallas Fall op"]
[Site "Dallas"]
[Date "2017.11.18"]
[Round "2"]
[White "Rahul, Srivatshav P"]
[Black "Premkumar, Hiren"]
[Result "1-0"]
[WhiteElo "2375"]
[BlackElo "2048"]
[PlyCount "111"]
[EventDate "2017.11.17"]
[EventType "swiss"]
[EventRounds "9"]
[EventCountry "USA"]
[SourceTitle "CBM 181 Extra"]
[Source "ChessBase"]
[SourceDate "2017.12.12"]
[SourceVersion "1"]
[SourceVersionDate "2017.12.12"]
[SourceQuality "1"]

1. Nf3 d5 2. g3 Nf6 3. Bg2 Bg4 4. 0-0 Nbd7 5. c4 e6 6. cxd5 exd5 7. Nc3 Bd6 8. d3 0-0 9. h3 Be6 10. Nd4 c5 11. Nxe6 fxe6 12. e4 d4 13. Ne2 Nb6 14. a4 Qd7 15. f4 e5 16. a5 Nc8 17. fxe5 Bxe5 18. Rf5 Bd6 19. a6 b6 20. Rxf6 Rxf6 21. e5 Bxe5 22. Bxa8 Qxh3 23. Bg2 Qg4 24. Qb3+ Kh8 25. Qd5 Bd6 26. Qe4 Qh5 27. Bf4 Bf8 28. Rf1 Qf7 29. Qa8 Qe6 30. Bg5 Rxf1+ 31. Bxf1 Kg8 32. Nf4 Qe3+ 33. Kg2 Nd6 34. Ng6 Qe8 35. Qxe8 Nxe8 36. Nxf8 Kxf8 37. Bf4 Ke7 38. Be2 Kd7 39. Bf3 Nc7 40. Bxc7 Kxc7 41. Bb7 b5 42. Kf3 Kb6 43. Ke4 Ka5 44. Kd5 Kb4 45. Bc6 g5 46. g4 h6 47. Bd7 c4 48. Kxd4 cxd3 49. Kxd3 Kb3 50. Bxb5 Kxb2 51. Kc4 Kc2 52. Kc5 Kd2 53. Kc6 h5 54. gxh5 g4 55. h6 g3 56. Bf1 1-0